000 01055cam a22002897a 4500
003 CHAP
005 20220329134536.0
008 971013c19801974 r 00010 d
010 _a21900
011 _a22872
035 _a26967
040 _cCHAP
082 _a300
_bA8
110 _aAsociación Nacional de Universidades e Institutos de Enseñanza Superior. México
_98095
245 1 4 _aLas ciencias sociales
_b: antología
260 _aMéxico, D.F. :
_bAsociación Nacional de Universidades e Institutos de Enseñanza Superior,
_c1980 (c.1974)
300 _a341 p.
_b: ilus
590 _aBATCH-UPD
_b10
_c20130110
_lUCH01
_h1706
590 _aCONVERSION
_b10
_c20130109
_lUCH01
_h1313
650 1 4 _aCiencias sociales.
_923213
700 0 _aMir, Adolfo.
_976032
901 _aBK
942 _cLIBRO
949 _a300 A8
_bBC
_cLIBRO
_d33724000231049
_eLIBRO
_h50312
_i26967
_si
_t60.00
949 _a300 A8
_bBC
_cLIBRO
_d33724000231106
_eLIBRO
_fc.2
_h50313
_i26967
_si
_t60.00
949 _a300 A8
_bBC
_cLIBRO
_d33724000821765
_eLIBRO
_fc.3
_h50314
_i26967
_si
_t60.00
999 _c21900
_d21900